Dictionary of travel, tourism and hospitality

Αποθηκεύτηκε σε:
Λεπτομέρειες βιβλιογραφικής εγγραφής
Κύριος συγγραφέας: Medlik, S.
Μορφή: Βιβλίο
Γλώσσα:English
Δημοσίευση: Oxford : Butterworth-Heinemann, c1996.
Έκδοση:2η εκδ.
Θέματα:
Ετικέτες: Προσθήκη ετικέτας
Δεν υπάρχουν, Καταχωρήστε ετικέτα πρώτοι!

MARC

LEADER 00000cam a2200000 i 4500
001 1/67126
008 981014s19931996xxu| ||| |||| | eng d
020 |a 0750628642 
035 |l 10029949 
035 |l 10051250 
040 |a GR-MY-UA  |b gre  |e aacr 
041 0 |a eng 
082 0 |a Π 338.479103 
100 1 |a Medlik, S. 
245 1 0 |a Dictionary of travel, tourism and hospitality /   |c S. Medlik.  
250 |a 2η εκδ.  
260 |a Oxford :   |b Butterworth-Heinemann,   |c c1996.  
300 |a x, 332 σ.  
504 |a Περιέχει βιβλιογραφικές παραπομπές.  
650 0 0 |a Tourism  |x Dictionaries. 
650 0 0 |a Travel  |x Dictionaries. 
650 0 0 |a Hospitality industry  |x Dictionaries. 
852 |a INST  |b CHIOS  |e 19981014  |h 338.479103 MED  |p 005200015537  |q 005200015537  |t REF  |y 23 
852 |a INST  |b LESVOS  |e 19990528  |h 338.4791 MED  |p 005100016062  |q 005100016062  |t REF  |y 23 
901 |a BIBL-1998-3 
901 |a BIBL1-1999-2 
922 |a 2ΕΛΗ  |b 199809  |c Ρομπόλης  |d Παπασωτηρίου 
922 |a 1ΕΛΗ  |b 199812  |c ΚΠΣ/ΚΥΒ  |d LEADER 
950 |a 023-1998-09-14